000 01060cam a2200217 4500
001 ABS63317
008 000000n2000 000 0 eng u
035 _a(Sirsi) u110137
100 _aMaguire, P
245 _aEmployed professionals face personal risks
260 _c2000
490 _aCSM (Chartered Surveyor Monthly)
_vNovember / December 2000, 28(1)
520 _aReviews a recent case highlighting the danger for surveyors whose employees fail to maintain insurance cover. Without suitable cover, for whatever reason, the employee is open to being sued by the client. Such a case has already come to court and shows that the same scenario will occur again; in view of this the RICS has supported the member's application for assistance for his appeal and has agreed to fund the appeal on behalf on its member. The result will be reported in a future edition of CSM.
590 _aABS
650 _aPROFESSIONAL INDEMNITY INSURANCE
650 _aRICS
650 _aEMPLOYEES
690 _aInsurance
_96249
700 _aDavis, M
942 _n0
999 _c65677
_d65677